Finančná analýza podniku cestovného ruchu diplomová práca

Gespeichert in:
Bibliographische Detailangaben
1. Verfasser: Krajniaková, Barbora
Körperschaft: Obchodná fakulta EU. Katedra služieb a cestovného ruchu - zrušené
Weitere Verfasser: Bažó, Ladislav, 1980-
Format: Buch
Sprache:Slowakisch
Veröffentlicht: Bratislava 2013
Tags: Tag hinzufügen
Keine Tags, Fügen Sie das erste Tag hinzu!

MARC

LEADER 00000nbm a2200000 4500
001 0169580
005 20161109102313.2
041 0 |a slo 
044 |a SK 
245 1 0 |a Finančná analýza podniku cestovného ruchu  |b diplomová práca  |c Barbora Krajniaková ; školiteľ: Ladislav Bažó 
264 1 |a Bratislava  |c 2013 
300 |a 80 s. 
100 1 |a Krajniaková, Barbora 
700 1 |a Bažó, Ladislav, 1980- 
710 2 |a Obchodná fakulta EU. Katedra služieb a cestovného ruchu - zrušené